| 000 | 00544nam a2200169Ia 4500 | ||
|---|---|---|---|
| 008 | 130821s1947 ag gr spa | ||
| 040 |
_aCo-BoUCM _bspa |
||
| 041 | _aspa | ||
| 100 | 1 |
_aCarnelutti, Francesco _d1879- _939390 |
|
| 245 | 1 | 3 |
_aEl problema de la pena _cFrancesco Carnelutti |
| 260 |
_aBuenos Aires (Argentina) _bEdiciones jurídicas Europa-América _c1947 |
||
| 300 | _a101 páginas | ||
| 650 | 0 | 4 |
_aDerecho penal _912805 |
| 650 | 0 | 4 |
_aPenas _921249 |
| 942 |
_cLIBRO _a8 _e1 _mC17 _2DEWEY _h345.02 |
||
| 999 |
_c651 _d651 |
||